000 01624nam a22002177a 4500
999 _c59515
_d59515
003 Ge_BSU
005 20230307111822.0
008 230307s2000 ge ||||| |||| 00| 0 geo d
041 _ageo
080 _a342.565.2(479.22)(094.5) ს-19
245 _aსაკონსტიტუციო სამართალწარმოების კანონმდებლობა და პრაქტიკა :
_bსამართლებრივი ოლიმპიადის "ადამიანი და კონსტიტუცია" სახელმძღვანელო მასალა /
_cსაქართველოს ახალგაზრდა იურისტთა ასოციაცია ; რედაქტორი ირაკლი სესიაშვილი.
250 _aმე-2 გამოცემა.
264 _aთბილისი,
_c2000.
300 _a396 გვ. ;
_b20 სმ.
500 _aკრებული გამოიცა საქართველოს ახალგაზრდა იურისტთა ასოციაციის მიერ.
653 _aსაქართველოს კანონი საკონსტიტუციო სასამართლოს შესახებ.
653 _aსამართალი
700 _aსესიაშვილი, ირაკლი
_eრედაქტორი
_917125
710 _aსაქართველოს ახალგაზრდა იურისტთა ასოციაცია.
_916851
942 _2udc
_cBK